000
00197 a2200097 4500
001
61849
090
_c
37146
_d
37146
100
_a
Freeman
245
_a
Mathematical statistcis
260
_a
Ibd
_b
NBF IBD
_c
2000
942
_a
NUST-CAE
999
_c
296922
_d
296922